Fußballer anhand von 3 Fakten erraten #2 - Statistiken

Allgemein
  • Dieses Quiz wurde 537 mal gespielt
  • Das Durchschnittsergebnis liegt bei 9 aus 13
Antwortstatistiken
Fakt Fakt Fakt Antwort % Korrekt
Gewann die Europameisterschaft 2016 Eins seiner Tore 2009 wurde zum besten Tor des Jahres gewählt (Puskas-Award) Spielte für Manchester United Ronaldo
92%
Verwandelte 86 Elfmeter Spielte sowohl für Inter als auch AC Mailand Spielte 122 Länderspiele für Schweden Ibrahimovic
88%
Gewann 1x den Ballon d‘or Wurde 1998 Weltmeister und 2006 Vize-Weltmeister War 2006 Kapitän Frankreichs Zidane
86%
Wechselte von Gladbach zu Dortmund Gewann 2x den DFB Pokal Traf bei einem 3:2, 2014 gegen Stuttgart 3 mal Reus
82%
War für seine Freistöße bekannt Gab sein Premier League Debut 1995 bei einer torlosen Partie gegen Leeds United Wurde 6x englischer Meister, ehe er zu Real Madrid wechselte Beckham
81%
Spielte bei Schalke 04 War 2 mal Deutschlands Fußballer des Jahres War häufig Kapitän der Deutschen Nationalmannschaft Neuer
80%
Wurde 2022 Weltmeister Spielte für Palermo, Juventus und Roma Gab sein Serie A Debut 2012 gegen Lazio Dybala
72%
War der erste Torschütze im Champions League Finale 2005 Spielte nur bei einem Verein Innenverteidiger Maldini
67%
Erzielte insgesamt einen Transfererlös von rund 68 Millionen Euro Ukrainer Gewann 1x den Ballon d‘or Shevchenko
65%
Spielte nur bei Liverpool und bei LA Galaxy Trotz 17 Jahren in der Premier league konnte er diese nie gewinnen War der erste Torschütze für Liverpool im Champions League Finale 2005 Gerrard
60%
Wechselte von Everton nach Manchester Traf bei einem 4:0 gegen Hull City in der Premier League, 4 mal Seine erste Rückennummer war die Nummer 18 Rooney
58%
Trug bei Liverpool immer die 7 und machte dort wohl einen der schönsten Dreierpacks aller Zeiten Traf im niederländischen Pokal einmal sechsfach gegen WHC Wezep Traf in 2 La Liga Spielen vierfach Suarez
55%
Spielte bei Celtic Glasgow Gewann einmal die Premier League mit Liverpool Schoss sein erstes Länderspieltor 2018 im Alter von 26 Jahren van Dijk
41%
Keine übereinstimmenden Quizze gefunden
Verteilung der Resultate
Anzahl Personen mit jedem Resultat
Perzentil nach korrekt beantworteten Fragen
Ihre Resultats-Entwicklung
Sie haben dieses Quiz noch nicht gespielt